LEADER 02761nam 2200613 a 450 001 9910781214503321 005 20230725050530.0 010 $a1-4529-4589-6 010 $a0-8166-7653-4 035 $a(CKB)2550000000040001 035 $a(EBL)730141 035 $a(OCoLC)741492676 035 $a(SSID)ssj0000522708 035 $a(PQKBManifestationID)11913751 035 $a(PQKBTitleCode)TC0000522708 035 $a(PQKBWorkID)10538572 035 $a(PQKB)10330100 035 $a(StDuBDS)EDZ0001178013 035 $a(MiAaPQ)EBC730141 035 $a(MdBmJHUP)muse29852 035 $a(Au-PeEL)EBL730141 035 $a(CaPaEBR)ebr10482230 035 $a(CaONFJC)MIL525794 035 $a(EXLCZ)992550000000040001 100 $a20101210d2011 uy 0 101 0 $aeng 135 $aur|n|---||||| 181 $ctxt 182 $cc 183 $acr 200 10$aFree Burma$b[electronic resource] $etransnational legal action and corporate accountability /$fJohn G. Dale 210 $aMinneapolis $cUniversity of Minnesota Press$dc2011 215 $a1 online resource (328 p.) 300 $aDescription based upon print version of record. 311 $a0-8166-4647-3 311 $a0-8166-4646-5 320 $aIncludes bibliographical references and index. 327 $aBurma's struggle for democracy and human rights before 1988 -- Locating power in the free Burma movement -- Free Burma laws : legislating transnational sanctions -- Corporate "death penalty" : executing charter revocation -- Alien tort claims : adjudicating human rights abuses abroad. 330 $aWhen the military's ruling party violently quashed Burma's pro-democracy movement, diplomatic condemnation quickly followed--to little effect. But when Burma's activists began linking the movement to others around the world, the result was dramatically different. This book is the first to explain how Burma's pro-democracy movement became a transnational social movement for human rights. Through the experience of the Free Burma movement, John G. Dale demonstrates how social movements create and appropriate legal mechanisms for generating new transnational political opportunities. He presents th 607 $aUnited States$xForeign relations$xLaw and legislation 607 $aBurma$xInternational status 607 $aBurma$xPolitics and government$y1988- 607 $aUnited States$xForeign relations$zBurma 607 $aBurma$xForeign relations$zUnited States 676 $a341.5/82 700 $aDale$b John G$01519271 801 0$bMiAaPQ 801 1$bMiAaPQ 801 2$bMiAaPQ 906 $aBOOK 912 $a9910781214503321 996 $aFree Burma$93757292 997 $aUNINA 999 $p$52.50$u07/24/2015$5Dis LEADER 03838nam 2200409z- 450 001 9910220038103321 005 20210212 035 $a(CKB)3800000000216396 035 $a(oapen)https://directory.doabooks.org/handle/20.500.12854/60441 035 $a(oapen)doab60441 035 $a(EXLCZ)993800000000216396 100 $a20202102d2016 |y 0 101 0 $aeng 135 $aurmn|---annan 181 $ctxt$2rdacontent 182 $cc$2rdamedia 183 $acr$2rdacarrier 200 00$aSystems Biology of Transcription Regulation 210 $cFrontiers Media SA$d2016 215 $a1 online resource (189 p.) 225 1 $aFrontiers Research Topics 311 08$a2-88919-967-3 330 $aTranscription regulation is a complex process that can be considered and investigated from different perspectives. Traditionally and due to technical reasons (including the evolution of our understanding of the underlying processes) the main focus of the research was made on the regulation of expression through transcription factors (TFs), the proteins directly binding to DNA. On the other hand, intensive research is going on in the field of chromatin structure, remodeling and its involvement in the regulation. Whatever direction we select, we can speak about several levels of regulation. For instance, concentrating on TFs, we should consider multiple regulatory layers, starting with signaling pathways and ending up with the TF binding sites in the promoters and other regulatory regions. However, it is obvious that the TF regulation, also including the upstream processes, represents a modest portion of all processes leading to gene expression. For more comprehensive description of the gene regulation, we need a systematic and holistic view, which brings us to the importance of systems biology approaches. Advances in methodology, especially in high-throughput methods, result in an ever-growing mass of data, which in many cases is still waiting for appropriate consideration. Moreover, the accumulation of data is going faster than the development of algorithms for their systematic evaluation. Data and methods integration is indispensable for the acquiring a systematic as well as a systemic view. In addition to the huge amount of molecular or genetic components of a biological system, the even larger number of their interactions constitutes the enormous complexity of processes occurring in a living cell (organ, organism). In systems biology, these interactions are represented by networks. Transcriptional or, more generally, gene regulatory networks are being generated from experimental ChIPseq data, by reverse engineering from transcriptomics data, or from computational predictions of transcription factor (TF) - target gene relations. While transcriptional networks are now available for many biological systems, mathematical models to simulate their dynamic behavior have been successfully developed for metabolic and, to some extent, for signaling networks, but relatively rarely for gene regulatory networks. Systems biology approaches provide new perspectives that raise new questions. Some of them address methodological problems, others arise from the newly obtained understanding of the data. These open questions and problems are also a subject of this Research Topic. 606 $aGenetics (non-medical)$2bicssc 610 $anetwork inreference 610 $aSystems Biology 610 $aTranscription Factors 610 $atranscription networks 610 $aTranscription Regulation 615 7$aGenetics (non-medical) 700 $aJoerg Linde$4auth$01286181 702 $aEdgar Wingender$4auth 702 $aEkaterina Shelest$4auth 906 $aBOOK 912 $a9910220038103321 996 $aSystems Biology of Transcription Regulation$93019747 997 $aUNINA